Central Library OPAC University of Rajshahi

Theories of learning / (Record no. 46806)

MARC details
000 -LEADER
fixed length control field 01032nam a2200313 a 4500
001 - CONTROL NUMBER
control field 46806
003 - CONTROL NUMBER IDENTIFIER
rucl marc code BD-RjUL
005 - DATE AND TIME OF LATEST TRANSACTION
control field 20211209054216.0
008 - FIXED-LENGTH DATA ELEMENTS--GENERAL INFORMATION
fixed length control field 160804s1958 enk ab 001 0 eng
035 ## - SYSTEM CONTROL NUMBER
System control number (BD-RjUL) 46925
040 ## - CATALOGING SOURCE
Original cataloging agency DLC
Transcribing agency DLC
Modifying agency DLC
-- BD-RjUL
Language of cataloging eng
041 ## - LANGUAGE CODE
Language code of text/sound track or separate title eng
082 ## - DEWEY DECIMAL CLASSIFICATION NUMBER
Edition number 23
Classification number 153.15
Author mark and year HIT 1958
100 1# - MAIN ENTRY--PERSONAL NAME
Personal name Hilgard, Ernest R.
Fuller form of name (Ernest Ropiequet),
Dates associated with a name 1904-2001.
9 (RLIN) 116927
245 10 - TITLE STATEMENT
Title Theories of learning /
Statement of responsibility, etc. Ernest R. Hilgard.
250 ## - EDITION STATEMENT
Edition statement 2nd ed.
260 ## - PUBLICATION, DISTRIBUTION, ETC. (IMPRINT)
Place of publication, distribution, etc. London :
Name of publisher, distributor, etc. Methuen & Co. Ltd.,
Date of publication, distribution, etc. 1958
300 ## - PHYSICAL DESCRIPTION
Pagination ix, 563 p. :
Illustrations ill. ;
Size 25 cm.
490 ## - SERIES STATEMENT
Series statement Century psychology series (Appleton-Century-Crofts, inc.
500 ## - GENERAL NOTE
General note Call number of original: LB1051.H52 1956.
General note Master microform held by: DLC.
General note Includes index.
650 ## - SUBJECT ADDED ENTRY--TOPICAL TERM
Topical term or geographic name as entry element Learning, Psychology of
9 (RLIN) 133314
Topical term or geographic name as entry element Psychology
9 (RLIN) 142611
Topical term or geographic name as entry element Learning
9 (RLIN) 142612
830 ## - SERIES ADDED ENTRY--UNIFORM TITLE
Uniform title Century psychology series (Appleton-Century-Crofts, inc.
942 ## - ADDED ENTRY ELEMENTS (KOHA)
Source of classification or shelving scheme Dewey Decimal Classification
Koha item type Books
Holdings
Lost status Source of classification or shelving scheme Damaged status Not for loan Collection code Permanent Location Current Location Shelving location Date acquired Source of acquisition Cost, normal purchase price Total Checkouts Full call number Date last seen Copy number Koha item type
  Dewey Decimal Classification     Non-fiction Central Library, University of Rajshahi Central Library, University of Rajshahi   25/11/1967 Sweet & Zeitlinger 60.00   153.15 HIT 1958 04/08/2016 C-2 Books
  Dewey Decimal Classification     Non-fiction Central Library, University of Rajshahi Central Library, University of Rajshahi   25/11/1967 Sweet & Zeitlinger 60.00   153.15 HIT 1958 04/08/2016 C-3 Books